| 000 | 01111pam a2200325 a 4500 | ||
|---|---|---|---|
| 999 |
_c330188 _d330188 |
||
| 001 | 533931 | ||
| 003 | NUST | ||
| 005 | 20170613113847.0 | ||
| 008 | 871001s1988 enka b 001 0 eng c | ||
| 010 | _a 87027598 | ||
| 020 | _a0419127704 (pbk.) | ||
| 020 | _a0419127607 (hard) | ||
| 040 |
_aDNLM/DLC _cDLC _dDLC |
||
| 050 | 0 | 0 |
_aQR41.2 _b.S778 1988 |
| 060 | _aQW 4 S839m | ||
| 082 | 0 | 0 |
_a576 STE _219 |
| 100 | 1 |
_aSterritt, Robert M., _d1955- _92526 |
|
| 245 | 1 | 0 |
_aMicrobiology for environmental and public health engineers / _cRobert M. Sterritt and John N. Lester. |
| 260 |
_aLondon ; _aNew York : _bE. & F.N. Spon, _c1988. |
||
| 300 |
_avii, 278 p. : _bill. ; _c24 cm. |
||
| 500 | _aH.B | ||
| 504 | _aIncludes bibliographies and index. | ||
| 650 | 0 |
_aMicrobiology. _91022 |
|
| 650 | 0 |
_aSanitary microbiology. _92527 |
|
| 650 | 0 |
_aIndustrial microbiology. _92528 |
|
| 650 | 2 |
_aEnvironmental Microbiology. _92529 |
|
| 650 | 2 |
_aMicrobiology. _91022 |
|
| 650 | 2 |
_aSanitary Engineering. _92530 |
|
| 700 | 1 |
_aLester, J. N. _q(John Norman), _d1949- _92531 |
|
| 906 |
_a7 _bcbc _corignew _d1 _eocip _f19 _gy-gencatlg |
||
| 942 |
_2ddc _cBK _kIESE |
||